Darwin : (Record no. 181097)

MARC details
000 -LEADER
campo de control de longitud fija 00956nam a2200241 i 4500
001 - NÚMERO DE CONTROL
campo de control 181097
003 - IDENTIFICADOR DE NÚMERO DE CONTROL
campo de control ES-MaACL
005 - FECHA Y HORA DE LA ÚLTIMA TRANSACCIÓN
campo de control 20250729081207.0
008 - DATOS DE LONGITUD FIJA--INFORMACIÓN GENERAL
campo de control de longitud fija 121016s2010 sp a | |||||||| | cat d
020 ## - NÚMERO INTERNACIONAL ESTÁNDAR DEL LIBRO
Número Internacional Estándar del Libro 978-84-370-7857-1
080 ## - NÚMERO DE LA CLASIFICACIÓN DECIMAL UNIVERSAL
Número de la Clasificación Decimal Universal 575 Darwin, Charles
245 00 - MENCIÓN DEL TÍTULO
Título Darwin :
Resto del título el seu temps, la seua obra, la seua influència /
Mención de responsabilidad, etc. Jesús I. Català Gorgues, Víctor Navarro Brotons (dirs.).
260 ## - PUBLICACIÓN, DISTRIBUCIÓN, ETC.
Lugar de publicación, distribución, etc. [València] :
Nombre del editor, distribuidor, etc. Càtedra de Divulgació de la Ciència de la Universitat de València ;
Lugar de publicación, distribución, etc. [Barcelona] :
Nombre del editor, distribuidor, etc. Institut d'Estudis Catalans,
Fecha de publicación, distribución, etc. D.L. 2010.
300 ## - DESCRIPCIÓN FÍSICA
Extensión 228 p. :
Otras características físicas il. ;
Dimensiones 25 cm.
500 ## - NOTA GENERAL
Nota general Exposición itinerante.
504 ## - NOTA DE BIBLIOGRAFÍA, ETC.
Nota de bibliografía, etc. Incluye referencias bibliográficas.
600 14 - PUNTO DE ACCESO ADICIONAL DE MATERIA--NOMBRE DE PERSONA
Nombre de persona Darwin, Charles,
Fechas asociadas al nombre 1809-1882
9 (RLIN) 42770
700 1# - ENTRADA AGREGADA--NOMBRE PERSONAL
Nombre de persona Català, Jesús I.
9 (RLIN) 151641
700 0# - ENTRADA AGREGADA--NOMBRE PERSONAL
Nombre de persona Navarro, Víctor.
9 (RLIN) 85088
852 ## - LOCALIZACIÓN
Ubicación ES-MaACL
Número de control de estantería A-12307
itemnumber 187980
Sublocalización o colección R.148551
Ubicación en estantería Depósito 1
Signatura antigua Olim: N-5312
942 ## - ELEMENTOS DE ENTRADA SECUNDARIOS (KOHA)
Fuente del sistema de clasificación o colocación Clasificación decimal universal
Tipo de ítem Koha Libro impreso
Holdings
Estatus retirado Estado de pérdida Fuente del sistema de clasificación o colocación Estado de daño No para préstamo Biblioteca de origen Biblioteca actual Ubicación en estantería Fecha de adquisición Fuente de adquisición Total de préstamos Signatura topográfica completa Código de barras Visto por última vez Precio de reemplazo Tipo de ítem Koha
    Clasificación decimal universal     Biblioteca del Ateneo de Madrid Biblioteca del Ateneo de Madrid Depósito 1 16/10/2012 Donación   A-12307 1190308 23/02/2023 23/02/2023 Libro impreso